书目信息 |
| 题名: |
醒世姻缘传
|
|
| 作者: | 西周生 辑著 ;童万周 校注 | |
| 分册: | 中 | |
| 出版信息: | 郑州 中州书画社 1982 |
|
| 页数: | 471-932页 | |
| 开本: | 19cm | |
| 丛书名: | ||
| 单 册: | ||
| 中图分类: | I242.4 , I242.47 | |
| 科图分类: | ||
| 主题词: | 古典小说--中国--清代 , 长篇小说--中国--清代 , 小说--中国 , 章回小说--中国--清代 | |
| 电子资源: | ||
| ISBN: | ||
| 000 | 00805nam0 2200289 45 | |
| 001 | 0182009249 | |
| 005 | 20060814104325.96 | |
| 010 | @dCNY1.10 | |
| 091 | @a10219.9 | |
| 100 | @a19950403d1982 em y0chiy0121 ea | |
| 101 | 0 | @achi |
| 102 | @aCN@b410000 | |
| 105 | @ay z 000ay | |
| 200 | 10 | @a醒世姻缘传@h中@Axing shi yin yuan zhuan@f(清)西周生辑著@g童万周校注 |
| 210 | @a郑州@c中州书画社@d1982 | |
| 215 | @a471-932页@d19cm | |
| 606 | @a古典小说@y中国@z清代 | |
| 606 | @a长篇小说@y中国@z清代 | |
| 606 | 0 | @a小说@x中国 |
| 606 | @a章回小说@y中国@z清代 | |
| 690 | @aI242.4 | |
| 690 | @aI242.47@v3 | |
| 701 | 0 | @a西周生@Axi zhou sheng@4辑著 |
| 702 | 0 | @a童万周@Atong wan zhou@4校注 |
| 801 | 2 | @aCN@bNLC@c20060814 |
| 801 | 0 | @aCN@b上海图书馆@c20060802 |
| 905 | @f1@b78036@dI242.4@e14:2≈2 | |
| 醒世姻缘传.中/(清)西周生辑著/童万周校注.-郑州:中州书画社,1982 |
| 471-932页;19cm |
| ISBN :CNY1.10 |
| ● |
| 相关链接 |
|
|
|
|
正题名:醒世姻缘传
索取号:I242.4/14:2≈2
 
预约/预借
| 序号 | 登录号 | 条形码 | 馆藏地/架位号 | 状态 | 备注 |
| 1 | 0057838 | 000171986 | 第二借阅区/ [索取号:I242.4/14:2≈2] | 在馆 | |
| 2 | 0057839 | 000172075 | 密集书库/ [索取号:I242.4/14:2≈2] | 在馆 | |
| 3 | 0057840 | 000172039 | 密集书库/ [索取号:I242.4/14:2≈2] | 在馆 | |
| 4 | 0078035 | 000172119 | 密集书库/ [索取号:I242.4/14:2≈2] | 在馆 | |
| 5 | 0078036 | 000172002 | 密集书库/ [索取号:I242.4/14:2≈2] | 在馆 | |
| 6 | 0078037 | 000172020 | 密集书库/ [索取号:I242.4/14:2≈2] | 在馆 | |
| 7 | 0456551 | 204565513 | 密集书库/ [索取号:I242.4/14:2≈2] | 在馆 | |
| 8 | 0456552 | 204565522 | 密集书库/ [索取号:I242.4/14:2≈2] | 在馆 |